00391nam a2200133Ia 4500008004100000020001000041040001500051041001200066082001900078100002600097245007700123260004100200300001600241230917s9999||||xx |||||||||||||| ||und|| cRS120 e6939aMAIN aEnglish a320.50954 S41I aSelbourne, David, ed. 0aIn theory and in practice: Essays on the politics of Jai Prakash Narayan aDelhibOxford University Pressc1985 axii, 236 p.